Cameroon : Staff Report for the 2009 Article IV Consultation and Request for disbursement Under the Rapid-Access Component of the Exogenous Shocks Facility.

This paper discusses a request from Cameroon for Disbursement Under the Rapid-Access Component of the Exogenous Shocks Facility (RAC-ESF). Despite improvements, the economy of Cameroon remains vulnerable to commodity shocks, especially from oil; and reducing poverty is a challenge. The authorities a...

Descripció completa

Dades bibliogràfiques
Autor corporatiu: International Monetary Fund
Format: Revista
Idioma:English
Publicat: Washington, D.C. : International Monetary Fund, 2009.
Col·lecció:IMF Staff Country Reports; Country Report ; No. 2009/318
Accés en línia:Full text available on IMF
LEADER 01728cas a2200241 a 4500
001 AALejournalIMF006159
008 230101c9999 xx r poo 0 0eng d
020 |c 5.00 USD 
020 |z 9781451808308 
022 |a 1934-7685 
040 |a BD-DhAAL  |c BD-DhAAL 
110 2 |a International Monetary Fund. 
245 1 0 |a Cameroon :   |b Staff Report for the 2009 Article IV Consultation and Request for disbursement Under the Rapid-Access Component of the Exogenous Shocks Facility. 
264 1 |a Washington, D.C. :  |b International Monetary Fund,  |c 2009. 
300 |a 1 online resource (68 pages) 
490 1 |a IMF Staff Country Reports 
500 |a <strong>Off-Campus Access:</strong> No User ID or Password Required 
500 |a <strong>On-Campus Access:</strong> No User ID or Password Required 
506 |a Electronic access restricted to authorized BRAC University faculty, staff and students 
520 3 |a This paper discusses a request from Cameroon for Disbursement Under the Rapid-Access Component of the Exogenous Shocks Facility (RAC-ESF). Despite improvements, the economy of Cameroon remains vulnerable to commodity shocks, especially from oil; and reducing poverty is a challenge. The authorities are eager to set the economy on a higher-growth path that can lower poverty. IMF staff welcomes the accelerated implementation of structural measures to increase the economy's resilience to shocks. IMF staff supports the authorities' request for the rapid-access component of the ESF. 
538 |a Mode of access: Internet 
830 0 |a IMF Staff Country Reports; Country Report ;  |v No. 2009/318 
856 4 0 |z Full text available on IMF  |u http://elibrary.imf.org/view/journals/002/2009/318/002.2009.issue-318-en.xml  |z IMF e-Library